Normal view
MARC view
- Benson, Ben
Entry Personal Name
001 - CONTROL NUMBER
- control field: 44627
003 - CONTROL NUMBER IDENTIFIER
- control field: NUST
005 - DATE AND TIME OF LATEST TRANSACTION
- control field: 20210314133022.0
008 - FIXED-LENGTH DATA ELEMENTS
- fixed length control field: 210314|| aca||aabn | a|a d
040 ## - CATALOGING SOURCE
- Original cataloging agency: NUST
- Transcribing agency: NUST
100 ## - HEADING--PERSONAL NAME
- Personal name: Benson, Ben
670 ## - SOURCE DATA FOUND
- Source citation: Work cat.: (NUST): Benson, Ben,, Critical path methods in building construction., [1970].
